[Event "Dortmund SuperGM 38th"]
[Site "Dortmund"]
[Date "2010.07.17"]
[Round "3"]
[White "Naiditsch, Arkadij"]
[Black "Ponomariov, Ruslan"]
[Result "1/2-1/2"]
[WhiteElo "2684"]
[BlackElo "2734"]
[Annotator "Kritz,L"]
[PlyCount "163"]
[EventDate "2010.07.15"]
[EventType "tourn"]
[EventRounds "10"]
[EventCountry "GER"]
[EventCategory "20"]
[SourceTitle "CBM 138"]
[Source "ChessBase"]
[SourceDate "2010.09.17"]
[SourceVersion "1"]
[SourceVersionDate "2010.09.17"]
[SourceQuality "1"]

1. e4 e5 2. Nf3 Nc6 3. Bb5 Nf6 4. O-O Nxe4 5. d4 Nd6 6. Bxc6 dxc6 7. dxe5 Nf5
8. Qxd8+ Kxd8 9. Nc3 h6 (9... Ke8 10. h3 Be7 11. g4 (11. Bg5 Bxg5 12. Nxg5 h6
$1 {Es is wichtig, den gegnerischen Springer gleich zu vertreiben.} 13. Nf3 h5
14. Rad1 (14. Ne2 Ke7 15. Nf4 g6 $1 16. Rad1 Ng7 17. Rfe1 Rd8 18. Rxd8 Kxd8 19.
Ng5 Ke7 20. Rd1 a5 21. a4 Bf5 $132 {Timman - Kritz (Amsterdam, 2002)}) 14...
Ke7 $11) 11... Nh4 12. Nxh4 Bxh4 13. Kg2 h5 14. f3 Be6 $11 {Die schwarze
Stellung ist zwar passiv, aber nicht zu knacken.}) 10. b3 {Die Idee dieses
Zuges ist es, die Zeit an h3 zu sparen und die Entwicklung vollenden.} (10. h3
Bd7 11. b3 (11. Bf4 $5 Kc8 12. Rad1 $1 (12. a3 $2 {ist einfach zu langsam.} b6
13. Rad1 Ne7 14. Rfe1 c5 $132 {Motylev - Ponomariov (Motril, 2008). Schwarz
plant Bc6-Kb7 mit guter Stellung.}) 12... b6 13. Rd3 Be6 14. Rfd1 Kb7 15. b3
$14 {und Schwarz hatte Probleme mit seiner Entwicklung in Anand - Topalov 
(Monte Carlo, 2005)}) 11... c5 $5 {Dieser Zug wird selten gespielt. Die
übliche Fortsetzung ist 11....Kc8. Jedoch wie man sieht, hat Schwarz nach 11...
.c5 noch keine Probleme gehabt.} 12. Rd1 ({Es verdient Betrachtung} 12. Bb2 $5
{mit der Idee, den anderen Turm nach d1 zu stellen. Womöglich hat Schwarz die
Möglichkeit 12....Nd4!?} Nd4 13. Nxd4 (13. Rad1 Nxf3+ 14. gxf3 Kc8 15. Kg2 Be6
$15 {Schwarz kann nur besser stehen.}) 13... cxd4 14. Ne4 c5 15. c3 $1 {
Man muss dynamisch spielen, ansonsten wird man einfacht schlecht stehen.} dxc3
16. Bxc3 Kc7 17. Rad1 Be7 18. Nd6 Bxd6 $3 (18... Be6 19. f4 g6 20. Nxf7 $3 Bxf7
21. e6 Bxe6 22. Bxh8 Rxh8 23. Rfe1 $18) 19. exd6+ Kc6 20. Bxg7 Rhg8 21. Be5
Bxh3 22. Bg3 Be6 $11 {Es sieht so aus, als ob sich Schwarz halten kann.}) 12...
Kc8 {Es ist offensichtlich, dass mit dieser Zugfolge Schwarz etwas gewonnen
hat, nämlich, dass der weiße Turm a1 nicht so leicht ins Spiel kommt.} 13. a4 (
13. Bb2 Be6 14. Nd5 g5 15. c4 b6 16. Rd2 Kb7 17. Rad1 Ne7 18. Nf6 {1/2-1/2
Motylev,A (2705)-Zhou Jianchao (2650)/Ningbo CHN 2010/The Week in Chess 806})
13... a5 14. Nd5 ({Auch nichts bringt} 14. g4 Ne7 15. Rd3 Bc6 $1 $11 ({Aber
nicht} 15... g5 $2 16. Bxg5 $1 hxg5 17. Rad1 $18)) 14... g5 $1 {Schwarz kann
das Feld f6 aufgeben - der weiße Springer wird hübsch aussehen und keine
Beschäftigung haben.} 15. Bb2 Be6 $11 {Svidler - Ponomariov (Astrakhan, 2010)})
(10. Rd1+ {Das Problem dieses Zuges ist, dass Weiß eigentlich den anderen Turm
auf d1 stellen sollte.} Ke8 11. h3 a5 12. Bf4 Be6 13. g4 Ne7 14. Nd4 Nd5 15.
Nce2 Bc5 16. Nxe6 fxe6 17. c4 Nb6 18. b3 a4 $132 {Kasparov - Kramnik (London,
2000)}) 10... Be6 (10... Bd7 11. Bb2 Kc8 12. Rad1 b6 13. Rd3 (13. Ne2 c5 14. c4
Bc6 $11 {Kasparov - Kramnik (London, 2000)}) 13... Ne7 14. Rfd1 {Weiß
entwickelt nun eine unangenehme Initiative.} Bf5 15. Rd8+ Kb7 16. Rxa8 Kxa8 17.
Nd4 Bg4 18. Nce2 c5 19. h3 Bc8 20. Nb5 Kb7 21. Nf4 $36 {Bruzon Batista -
Mitkov (Merida, 2008)}) 11. Bb2 c5 {Schwarz muss nicht das Feld d5 sofort
aufgeben. Der Zug c5 wäre gut gewesen, wenn Schwarz zu c4 kommen würde, aber
das ist nicht der Fall.} (11... a5 12. Rad1+ (12. h3 Bb4 13. g4 Bxc3 14. Bxc3
Ne7 15. Rad1+ Kc8 16. Nd4 Bd5 $11 {Bosiocic - Svetushkin (Sarajevo, 2010)})
12... Kc8 13. a4 b6 14. Ne2 Bd5 15. Nd2 g5 16. c4 Be6 17. h3 h5 18. Ne4 Be7
$132 {Yemelin - Krasenkow (Rijeka, 2010)}) 12. Rad1+ Kc8 13. Nd5 {Sonst würde
Schwarz c4 spielen.} g5 $1 {Schwarz nimmt das Feld f4 unter Kontrolle und
erobert auch Raum am Königsflügel, so dass Weiß in Zukunft seine Bauernlawine
nicht leicht aufrollen kann.} (13... b6 14. Nf4 $14) 14. c4 b6 15. Nf6 {
Der Springer sieht auf f6 gut aus, aber was macht er denn da eigentlich?} Kb7 (
15... a5 $5 {Es macht immer Sinn, die Züge a5 und a4 einzuschließen.} 16. a4 (
16. g4 Ne7 17. Kg2 a4 $132 {und Schwarz hat Gegenspiel am Damenflügel.}) 16...
Kb7 {und weiter wie in der Partie.}) 16. g4 Ne7 17. Kg2 ({Nach} 17. h4 {
hat Schwarz eine Überraschung vorbereitet:} Ng8 $1 18. hxg5 (18. Nxg8 Rxg8 $19
{Der Bauer auf g4 ist nicht zu halten.}) 18... Nxf6 19. exf6 (19. gxf6 Bxg4 20.
Rd3 h5 $15) 19... Bd6 $1 (19... Bxg4 20. Ne5 Bxd1 21. Rxd1 hxg5 22. Nxf7 Rh7
23. Rd7 Kc8 24. Rd8+ Kb7 25. Rd7 $11) 20. g6 Bxg4 21. Kg2 fxg6 $15) 17... Ng6 (
{Gut sieht auch} 17... Ng8 $5 {aus} 18. Kg3 Nxf6 19. exf6 Bd6+ 20. Be5 Bxe5+
21. Nxe5 h5 22. h3 Rh6 $132) 18. Kg3 {Weiß will h4 spielen und danach den
f-Bauer aufrollen.} Be7 19. h4 (19. Nd5 Bd8 $11 {und Schwarz kontrolliert das
Feld h4.}) 19... Bxf6 (19... gxh4+ 20. Nxh4 Nxh4 21. Kxh4 Rag8 22. Rg1 $14) 20.
exf6 gxh4+ 21. Nxh4 Rhg8 ({Interessant ist die folgende Variante:} 21... Nxh4
22. Kxh4 Rhg8 (22... b5 $2 23. f4 $1 bxc4 24. f5 Bc8 25. bxc4 $16) 23. f3 b5 $5
24. cxb5 a6 $1 25. bxa6+ Rxa6 26. Ra1 Rga8 27. Kh5 Rxa2 28. Rxa2 Rxa2 29. Rf2
Bxb3 30. Kxh6 Be6 $132 {Das Endspiel sieht ja doch remislich aus.}) 22. f3 Nf8
$2 {Schwarz gewinnt zwar den Bauern, aber seine Stellung wird nun schlechter.}
23. Rfe1 $1 (23. Kf2 $2 h5 $1 24. gxh5 Rh8 $11) 23... h5 24. Re5 hxg4 25. f4 $1
{Das ist die Idee hinter dem Bauernopfer - Weiß gewinnt Raum durch den
Vormarsch des f-Bauern, und will danach an den Bauern f7 rankommen.} Re8 26. f5
Bd7 27. Re7 {Die Stellung von Schwarz ist kritisch.} Bc6 28. Ng2 $2 {Weiß
spielt völlig daneben und erlaubt Schwarz, zurück ins Spiel zu kommen.} (28.
Rd3 $1 {Gegen Rxf7 gibt es keine Verteidigung.} Nh7 29. Rxf7 Ng5 30. Re7 Ne4+
31. Kf4 $18) 28... Nh7 $1 {Nun ist der Bauer f7 indirekt verteidigt.} 29. Ne3 (
29. Rxf7 Ng5 30. Rg7 Ne4+ 31. Kf4 Nxf6 32. Bxf6 Bxg2 33. Kxg4 Rxg7+ 34. Bxg7
Re3 $1 35. Rg1 Bc6 36. f6 Rf3 37. Re1 Kc8 38. Re7 Kd8 $11) 29... Ng5 30. Nd5
Ne4+ 31. Kg2 Bxd5 (31... Rxe7 32. fxe7 Nd6 33. f6 Nf5 $11 {Es ist nicht zu
sehen, wie Weiß voran kommen kann.}) 32. Rxd5 Nd6 33. Bc1 {Stärker war 33.Be5.}
(33. Be5 {Schwarz muss nun ein paar einzige Züge finden.} Nxf5 $1 (33... Rxe7
34. fxe7 Kc6 35. f6 Kd7 36. Rd2 Ke6 37. Re2 Kd7 38. Kg3 $16) 34. Rxc7+ Ka8 35.
Bf4 (35. Rxf7 Ne3+ $19) (35. Rdd7 Rxe5 36. Rxa7+ Kb8 37. Rab7+ Ka8 38. Ra7+ $11
) 35... g3 $1 36. Rxf5 Re2+ 37. Kf3 (37. Kg1 Re1+ 38. Kg2 Re2+ $11) 37... Rf2+
(37... g2 38. Bh2 Re1 39. Rxf7 $18) 38. Ke4 Rxf4+ 39. Kxf4 g2 40. Rc8+ Rxc8 41.
Rg5 Kb7 42. Rxg2 Rd8 43. Rg7 Rd7 44. Ke5 Kc6 $11) 33... Kc6 34. Bh6 (34. Bf4 $2
Rxe7 35. fxe7 f6 $15) 34... b5 {Schwarz muss nicht unbedingt auf diese
Komplikationen eingehen.} (34... a6 35. a4 Rd8 36. Bf4 Rd7 $11) 35. Be3 Rxe7
36. fxe7 bxc4 37. Rxc5+ (37. bxc4 f6 38. Rxc5+ Kd7 39. Bd4 Ne4 40. Ra5 Kxe7 41.
Rxa7 Kd7 $11) 37... Kd7 38. f6 $1 {Richtige Entscheidung - Weiß riskiert wenig
mit dem Bauern auf e7.} (38. bxc4 f6 {-> 37.bxc4}) 38... cxb3 39. axb3 Ke6 (
39... Rb8 40. Bf4 {und Schwarz kann nicht den Bauern nehmen:} Rxb3 $4 41. Rxc7+
$1 $18) 40. Bd4 Ne8 {Schwarz entscheidet sich für den direktesten Weg - er
geht in das Endspiel R gegen R+B und hält sicher Remis.} 41. Ra5 Nxf6 $1 {
Erzwingt praktisch das Ergebnis.} 42. Ra6+ Kxe7 43. Bxf6+ Kd7 44. Bc3 (44. Rxa7
Rb8 45. Ra3 c5 $11 {In den nächsten Zügen werden die Bauern am Damenflügel
getauscht.}) 44... Rb8 45. b4 Rb5 $1 {Schwarz kann die Bauern des Damenflügels
forciert abtauschen.} 46. Rxa7 Kc8 47. Be1 (47. Ra5 $2 Rxa5 48. bxa5 $11 {
Sogar wenn Schwarz alle Bauern verliert, ist die Stellung wegen der falschen
Ecke Remis.}) 47... c5 48. bxc5 Rxc5 $11 {Der Rest ist Sache der Technik.
Ponomariov zeigt die Klasse, wie man dieses Endspiel Remis halten muss.} 49.
Rxf7 Rc7 50. Rf8+ Kd7 51. Kg3 Ke6 52. Ra8 Kf5 53. Ra5+ Ke4 54. Bd2 Rc4 55. Bf4
Rd4 56. Kxg4 Rd5 57. Ra8 Rd4 58. Re8+ Kd3 59. Kf5 Rd5+ 60. Be5 Ke3 61. Rh8 Rd3
62. Rh4 Kf3 63. Bd4 Rd2 64. Rf4+ Ke2 65. Ke4 Rc2 66. Rf3 Kd2 67. Rd3+ Ke2 68.
Bc3 Ra2 69. Re3+ Kd1 70. Rh3 Re2+ 71. Kd3 Rd2+ 72. Kc4 Rg2 73. Re3 Kc2 74. Re1
Rg4+ 75. Bd4 Kd2 76. Re8 Rg2 77. Bc3+ Kc2 78. Re4 Rf2 79. Rg4 Kd1 80. Bd4 Rc2+
81. Kb3 Rh2 82. Bc3 1/2-1/2

[Event "Dortmund SuperGM 38th"]
[Site "Dortmund"]
[Date "2010.07.21"]
[Round "6"]
[White "Leko, Peter"]
[Black "Ponomariov, Ruslan"]
[Result "1/2-1/2"]
[WhiteElo "2734"]
[BlackElo "2734"]
[Annotator "Marin,M"]
[PlyCount "82"]
[EventDate "2010.07.15"]
[EventType "tourn"]
[EventRounds "10"]
[EventCountry "GER"]
[EventCategory "20"]
[SourceTitle "CBM 138"]
[Source "ChessBase"]
[SourceDate "2010.09.17"]
[SourceVersion "1"]
[SourceVersionDate "2010.09.17"]
[SourceQuality "1"]

1. Nf3 Nf6 2. c4 e6 3. d4 d5 4. g3 Be7 5. Bg2 O-O 6. O-O dxc4 7. Qc2 a6 8. a4
Bd7 9. Rd1 Bc6 10. Nc3 {After publishing my article for CBM 127, I noticed
certain burst of popularity of this line at grandmaster level. It may be a
mere coincidence, though, since at the critical point White did not choose my
recommended line.} {In the first game of the playoffs, the same variation was
played again. Although he chose the main line this time, Bologan did not quite
obtain full equality.} Bxf3 {In my opinion, this is the only way to get
realistic chances for equality. It is quite deceptive for Black that he gets
no chances for counterplay in this line, though.} ({The first game that drew
my attention after writing the article went:} 10... Bb4 11. Bg5 Bxc3 12. Bxf6
$1 Qxf6 13. bxc3 Nd7 14. Qa2 Bd5 15. Nd2 Bxg2 16. Kxg2 c5 17. Nxc4 Rfd8 18. a5
$14 {Laznicka,V (2637)-Bologan,V (2692)/Khanty Mansiysk 2009/CBM 134/[Marin] 
(1/2, 47). White has an advantage in the centre, while the black queenside
majority is safely blocked.}) 11. Bxf3 Nc6 12. Bxc6 bxc6 13. Bg5 {This was my
main line on the Catalan CD published several years ago.} ({In the last
article, though, I considered} 13. a5 {to be more promissing. Well, I am
covered for both situations, anyway.}) 13... Rb8 14. e3 {White consolidates
his centre, preparing the following exchange.} a5 {The main aim of 13.a5 is
prercisely preventing Black from getting a queenside blockade on dark squares.}
({The necessity of preveting the advance of the white a-pawn is revealed by
the next game:} 14... Nd7 15. Bxe7 Qxe7 16. Ne4 c5 ({Unlike in the main line,} 
16... Rb4 17. Nd2 $14 Nb6 $6 {fails to consolidate the queenside because of}
18. a5 $16) 17. Qxc4 Rxb2 18. Qxa6 cxd4 19. exd4 Nf6 20. Nc5 Nd5 21. Rab1 $14 {
[%csl Ga4] Nakamura,H (2651)-Petrosian,T (2592)/Internet ICC 2007/CBM 117 ext 
(1-0, 80)}) 15. Bxf6 {This is the right moment to eliminate the enemy knight.
Catalan specialists are used to the fact that Bxf6 is frequently played
without waiting for Black's losing a tempo with ...h6.} ({Delaying this
exchange offers Black good queenside counterplay:} 15. Rac1 Nd7 16. Bxe7 Qxe7
17. Ne4 Rb4 18. Nd2 Nb6 19. b3 cxb3 20. Nxb3 Rxa4 21. Qxc6 Ra3 $132 {Hulak,K 
(2534)-Iordachescu,V (2609)/Warsaw 2005/CBM 108 (1/2, 25)}) 15... Bxf6 {
This bishop is temporarily out of play and certainly does not contribute to
stabilizing the queenside. Black will have to find a form of opening the long
diagonal with either ...c5 or ...e5, thus getting certain counterplay.} 16.
Rac1 {The most natural move, but not the only one.} (16. Rab1 $5 {Aims to keep
the b2-pawn over defended and place the other rook on c1. The plan looks a bit
slow but is not easy to counter.} Qd6 17. Rdc1 Be7 18. Ne4 Qd5 19. Nd2 c3 (
19... c5 20. dxc5 $14 {[%cal Gd2c4]}) 20. bxc3 c5 {Blagojevic,D (2557)-Kreisl,
R (2380)/Zadar 2009/CBM 133 Extra (1/2, 62)} 21. Nb3 $14 {White retains the
better structure, while the black bishop still does not have too many
perspectives.}) 16... Rb4 $146 {This looks like a strong consolidating move,
but in fact the rook is not stable on b4.} (16... Qe7 $6 {is too rigid.} 17.
Ne4 Rb4 18. Nd2 c5 19. Nxc4 Ra8 (19... cxd4 20. Nxa5 $16 {[%csl Gc6]}) 20. d5
exd5 21. Rxd5 c6 22. Rd3 g6 23. b3 Qc7 24. Rcd1 $16 {Dizdar,G (2524)-Ramesa,D 
(2163)/Sibenik 2005/CBM 106 ext (1-0, 33)}) ({The playoffs of the match
Laznicka-Bologan saw:} 16... c5 {This gets rid of one of the tripple pawns,
but not of the general weakness of the queenside.} 17. dxc5 Qe7 18. Nb5 $6 ({
After} 18. c6 $1 {Black would have a harder time coordinating his pieces, for
instance:} Qc5 19. Nb5 Qxc6 20. Qxc4 Qxc4 21. Rxc4 $14 {With the b-file safely
dfeended, White retains the more active position.}) 18... c6 19. Nd4 {[%csl
Gb2]} Bxd4 $6 {A premature exchange.} (19... Qxc5 20. Qxc4 Qxc4 21. Rxc4 Rfd8
$11) 20. Rxd4 Qxc5 21. Rxc4 Qe5 22. b3 g6 23. Rxc6 $16 {Laznicka,V (2637)
-Bologan,V (2692)/Khanty Mansiysk 3.3 2009 (1/2, 32)}) 17. Na2 Rb6 {Black has
to leave the c4-pawn undefended, but hopes that the knight will have aharder
time getting active than from e4 (as in certain lines examined above).} 18. Rd2
{The most effective of activating the queen.} Qb8 ({The seemingly active} 18...
Qd5 $6 {fails to solve the strategical problems:} 19. Qxc4 Rfb8 20. Qxd5 exd5 (
20... cxd5 21. Rxc7 g5 22. Nc3 Rxb2 23. Rxb2 Rxb2 24. Ra7 $16) 21. Rcc2 $14 {
[%cal Ga2c1,Gc1d3]}) 19. Qxc4 Rxb2 20. Rxb2 Qxb2 21. Rc2 Qb1+ 22. Kg2 {White
will restore the material equality soon, maintaining the more compact
structure at the same time. Black has to rely on the dynamic factors of the
position in order to get chances for equality. One important element is the
high activity of the queen, which somewhat spoils White's coordination.} e5 23.
dxe5 Bxe5 24. Nc1 {This looks like a premature definition of the knight's
intentions.} ({After} 24. Qxc6 {, White can consider activate his knight more
rapidly, via c3, for instance:} Bd6 ({Black needs to place the bishop on a
stable square, since a neutral move such as} 24... g6 $6 {allows the forced
sequence} 25. Rc5 $1 Bd6 26. Nc3 Qe1 27. Rc4 $16 {with the better structure
and perfect coordination for White.}) 25. Rd2 g6 26. Qd5 {[%cal Ga2c3]} Bb4 (
26... Qa1 {gives up the possibility of ...Qe4+, allowing} 27. Qxa5 $16) 27.
Nxb4 axb4 28. Rd4 {White's superb centralization makes the b-pawn inoffensive.
White has excellent chances of getting a pleasant ending.} Rb8 (28... b3 29.
Rb4 b2 30. Qe5 $16) 29. Qc6 b3 30. Qxc7 Re8 31. Rf4 Rf8 32. Rb4 $14 {/+/- The
least White can count on is trading the passed pawns. The ensuing ending with
heavy pieces is not easy to defend for Black. Only a queen swap would
guarantee a draw, while the exchange of rooks would still leave White with
some practical possibilities.}) 24... Rb8 25. Qxc6 Qb6 $6 {There was no need
to retreat with the most active piece yet.} (25... Bd6 $5 $132 26. Nd3 g6 27.
e4 Qd1 28. Qc4 Rb1 29. Rc1 Rxc1 30. Nxc1 Bb4 {[%csl Ga4]} 31. Nb3 c5 32. Nxc5
Bxc5 33. Qxc5 Qxa4 34. Qc8+ Kg7 35. Qc3+ $11) 26. Qd5 Bd6 27. Ne2 (27. e4 $1
$14) 27... Qb3 28. Qc6 g6 29. Nd4 Qa3 $132 {White cannot take advantage of his
strategic advantage because he has to keep the enemy pieces' activity under
control.} 30. Rc3 Qa2 31. Rc2 Qa1 32. Rc1 Qa2 33. Rc2 Qa1 34. Rc1 Qa2 35. Qc4
Rb2 36. Rc2 Qxc4 37. Rxc4 Ra2 38. Nb5 h5 39. Nxc7 Bxc7 40. Rxc7 Rxa4 41. Ra7
Kg7 1/2-1/2

[Event "Dortmund SuperGM 38th"]
[Site "Dortmund"]
[Date "2010.07.25"]
[Round "10"]
[White "Ponomariov, Ruslan"]
[Black "Le, Quang Liem"]
[Result "1/2-1/2"]
[WhiteElo "2734"]
[BlackElo "2681"]
[Annotator "Postny,E"]
[PlyCount "83"]
[EventDate "2010.07.15"]
[EventType "tourn"]
[EventRounds "10"]
[EventCountry "GER"]
[EventCategory "20"]
[SourceTitle "CBM 138"]
[Source "ChessBase"]
[SourceDate "2010.09.17"]
[SourceVersion "1"]
[SourceVersionDate "2010.09.17"]
[SourceQuality "1"]

1. e4 c6 2. d4 d5 3. exd5 cxd5 4. Bd3 {The choice of the variation by
Ponomariov is quite a surprise. He needed a draw to secure one of the greatest
successes in his career. However, the Caro-Kann has a reputation of being a
rock-solid opening. Therefore, I wonder whether it's so difficult for White to
make a draw in one of the main lines in Caro-Kann?! As for this line, Black
has already no problems whatsoever.} Nc6 5. c3 Nf6 6. h3 Qc7 7. Nf3 (7. Ne2 {
can be met by} e5 8. dxe5 Nxe5 9. Bf4 Bd6 {and Black has good piece play.})
7... g6 8. O-O Bf5 {This is the most ambitious continuation. The exchange of
light-squared bishops favours Black as it will yield him control over the
central e4-square.} ({The standard} 8... Bg7 {is playable as well.}) 9. Re1 (9.
Bxf5 gxf5 10. Re1 e6 11. c4 dxc4 12. Nc3 O-O-O 13. Qa4 Nd5 14. Qxc4 Kb8 15. Bg5
Be7 16. Nxd5 Rxd5 17. Bxe7 Nxe7 18. Qxc7+ Kxc7 19. Ng5 $14 {1-0 Ehlvest,J 
(2581)-Harikrishna,P (2659)/Merida 2008/CBM 127 Extra (54)}) 9... Bxd3 10. Qxd3
Bg7 11. Nbd2 {To my mind this is already an inaccuracy. White should try to
develop his bishop to f4.} (11. Ne5 O-O (11... Nd7 12. Nxd7 Qxd7 13. Bf4) 12.
Bf4 {In both cases White can't claim an advantage, but nor does he have
anything to worry about.}) 11... O-O 12. Nb3 e6 13. a4 Rfe8 14. g3 Ne4 15. Bf4
{White has managed to develop his bishop to the desirable square, but it has
cost him a slight weakening of his king's shelter.} Qd8 {Black is slightly
better thanks to the great knight on e4.} 16. h4 (16. Nbd2 g5 17. Be3 f5 $15)
16... h6 17. Kg2 g5 {The plan of the kingside offensive is the most logical.}
18. hxg5 hxg5 19. Be3 f5 20. Ng1 Qf6 ({Immense complications could arise after
} 20... e5 $6 21. f3 (21. dxe5 $2 Nxe5 22. Qd1 f4 $1 23. gxf4 gxf4 24. Bxf4 Re6
$40 {[%cal Ge6g6]}) 21... Nxg3 $1 22. Kxg3 f4+ 23. Kg2 fxe3 24. Rxe3 Qd7 (24...
g4 $5 25. fxg4 e4 $44) 25. Ne2 Ne7 26. Ng3 {[%cal Ga1h1] White should be okay
here.}) 21. Ne2 Rad8 {Bringing all reserves into play.} 22. f3 Nd6 23. Qc2 f4
24. Bf2 {Ruslan is careful enough.} (24. gxf4 $5 {One would consider this move
as a suicide, but, in fact, this was an option. For instance:} Nf5 25. Bd2 gxf4
({Doesn't work} 25... Nh4+ $2 26. Kf2 e5 27. dxe5 Nxe5 28. Nbd4 {and
everything is protected.}) 26. Rh1 e5 27. Rag1 e4 28. Kf1 Ne3+ 29. Bxe3 fxe3
30. f4 {and the position is still very hard to estimate.}) 24... Nc4 25. g4 {
Correctly closing the position on the kingside. Still, White hasn't solve all
of his problems yet. Black will come up with ...e6-e5 sooner or later.} Kf7 26.
Nd2 $2 (26. Nc5 $1 {The main purpose of this move is not to attack the Pb7,
but to transfer the knight to d3, where it will fight against e6-e5.}) 26...
Qg6 $1 {Eliminating white's only seemingly active piece.} 27. Rac1 e5 28. Qxg6+
Kxg6 29. Nxc4 dxc4 30. Red1 exd4 $2 {This helps a lot. Keeping the tension
would be unpleasant for White.} (30... b6 $1 {Just a useful move. It's hard
for White to move. For example:} 31. Rc2 (31. dxe5 $2 Nxe5 32. Nd4 Nd3 {
Here White is not in time to cover everything as he managed in the game.})
31... Rd5 32. Re1 Red8 33. dxe5 Rd2 $17) 31. Nxd4 Ne5 32. Nf5 Nd3 33. Rc2 Bf6
34. Rh1 {Now White is okay. His pieces are also active. The following exchange
determines the peaceful result.} Rh8 35. Rxh8 Bxh8 36. Re2 Nxf2 37. Kxf2 Bf6
38. Re4 Rd2+ 39. Re2 Rd3 40. Re4 Rd2+ 41. Re2 Rd3 42. Re4 1/2-1/2

[Event "EU-ch blitz 29th"]
[Site "Warsaw"]
[Date "2010.12.17"]
[Round "10"]
[White "Jobava, Baadur"]
[Black "Ponomariov, Ruslan"]
[Result "1-0"]
[WhiteElo "2707"]
[BlackElo "2744"]
[PlyCount "66"]
[EventDate "2010.12.17"]
[EventType "swiss (blitz)"]
[EventRounds "13"]
[EventCountry "POL"]
[SourceTitle "CBM 139 Extra"]
[Source "ChessBase"]
[SourceDate "2011.01.05"]
[SourceVersion "1"]
[SourceVersionDate "2011.01.05"]
[SourceQuality "1"]

1. e4 e6 2. d4 d5 3. Nc3 Bb4 4. Qg4 Nf6 5. Qxg7 Rg8 6. Qh6 dxe4 7. Nge2 c5 8.
a3 Bxc3+ 9. bxc3 Nbd7 10. h3 Qa5 11. Bd2 b6 12. c4 Qa4 13. Nc3 Qxc2 14. Nb5
cxd4 15. Bb4 Qb2 16. Rd1 a5 17. Nd6+ Kd8 18. Nxf7+ Kc7 19. Qf4+ Kc6 20. Bd2
Qxa3 21. g4 Qe7 22. Bg2 Nc5 23. Ne5+ Kb7 24. g5 Nh5 25. Qg4 Qd6 26. Nf7 Qc6 27.
Qxh5 Ka6 28. O-O Bb7 29. Ne5 Qc7 30. Bf4 Raf8 31. Bg3 Qg7 32. Rxd4 Rf5 33. Qh6
e3 1-0